Percepción social de los agentes intervinientes sobre la situación de los niños y adolescentes de origen mapuche atendidos en programas locales y regionales de La Araucania /

Bibliographic Details
Main Author: Slater San Román, Fernando
Other Authors: Soto Godoy, Juan (profesor guía)
Format: Tesis
Language:Spanish
Published: Santiago, Chile Universidad Academia de Humanismo Cristiano 2008

MARC

LEADER 00000cam a2200000 a 4500
001 045042
003 UAHC_CL
005 20230314114519.0
008 010822b2005 cl 000 spa
040 |a UAHC_CL  |c UAHC_CL  |d UAHC_CL 
100 1 |a Slater San Román, Fernando 
245 1 0 |a Percepción social de los agentes intervinientes sobre la situación de los niños y adolescentes de origen mapuche atendidos en programas locales y regionales de La Araucania /  |c Fernando Slater San Román, Profesor guía Juan Soto Godoy. 
260 |b Universidad Academia de Humanismo Cristiano  |c 2008  |a Santiago, Chile 
300 |a 1 cd rom 
500 |a Tesis para optar al Grado de Magíster en Desarrollo. Mención Regional y Local. 
502 |a Tesis (Grado de Magíster en Desarrollo Económico Local)--Universidad Academía de Humanismo Cristiano, 2008 
700 1 |a Soto Godoy, Juan  |e profesor guía 
900 |a TMDRL 07 
942 |c TS 
952 |0 0  |1 0  |4 0  |6 TMDRL_07_000000000000000  |7 0  |8 Referencia  |9 82861  |a BC  |b BC  |c Referencia  |d 2017-08-03  |l 0  |o TMDRL 07  |p 1364161  |r 2019-01-08 00:00:00  |t 1  |w 2017-08-03  |y BK 
999 |c 45042  |d 45042